00882cam a2200277 a 4500001000800000005001700008008004100025020001500066040001300081082002300094100002400117245012700141250001200268260003300280300002600313650002400339650002500363650002700388650001600415650003200431650003000463650002500493650004200518700002400560700002000584207546120250514113210.0940407s1994 ne b 001 0 eng  a0444897755 cPK-LaUMT00a615.778220bGRO-U1 aGroot, Anton C. de.10aUnwanted effects of cosmetics and drugs used in dermatology /cby Anton C. de Groot, J. Willem Weyland, and Johan P. Nater a3rd ed. aAmsterdam :bElsevier,c1994 axii, 770 p. ;c27 cm. 0aContact dermatitis. 0aDrugsxSide effects. 0aCosmeticsxToxicology. 0aSkin tests. 2aCosmeticsxAdverse effects. 2aDermatitis medicamentosa. 2aDermatitis, Contact. 2aDermatologic agentsxAdverse effects.1 aWeyland, J. Willem.1 aNater, Johan P.